| 000 | 01042nam a22002417a 4500 | ||
|---|---|---|---|
| 005 | 20100729120116.0 | ||
| 010 | _aHIN-89888 | ||
| 020 |
_c125.00 _a978818801445 |
||
| 035 | _aHN-62234 | ||
| 037 | _bDBAD / PUB | ||
| 082 | _aउ | ||
| 100 |
_aफिल्लौरी, श्रद्धाराम _92393 |
||
| 245 |
_aभाग्यवती / _cश्रद्धाराम फिल्लौरी |
||
| 246 |
_aBhagyawati _bby Shradharam Fillory |
||
| 260 |
_aदिल्ली _bअखिल भारती _c2010 |
||
| 270 |
_a3014, चर्खेवालान _bदिल्ली _e110006 _k011-23947589 |
||
| 300 |
_a96पृ. _c22सेमी (सजिल्द) |
||
| 650 |
_bहिन्दी कथा साहित्य _9657 |
||
| 650 |
_bHindi Katha Sahitya _9658 |
||
| 700 | _92325 | ||
| 942 |
_2ddc _cHN _hउ _mफिल्लौरी |
||
| 999 |
_c38177 _d38177 |
||